Normal view
MARC view
Entry Personal Name
001 - CONTROL NUMBER
- control field: 843153
003 - CONTROL NUMBER IDENTIFIER
- control field: OSt
005 - DATE AND TIME OF LATEST TRANSACTION
- control field: 20250923150201.0
008 - FIXED-LENGTH DATA ELEMENTS
- fixed length control field: 250923|| aca||aabn | a|a d
040 ## - CATALOGING SOURCE
- Original cataloging agency: OSt
- Transcribing agency: OSt
100 ## - HEADING--PERSONAL NAME
- Personal name: Barak, Gregg
670 ## - SOURCE DATA FOUND
- Source citation: Work cat.: (OSt)1460537: Barak, Gregg , Violence and non-violence : Pathways to understanding, 2003
